[Event "4th Parsvnath Open"]
[Site "New Delhi IND"]
[Date "2006.01.15"]
[Round "1"]
[White "Natarajan,M"]
[Black "Ramesh,R"]
[Result "0-1"]
[WhiteElo "2023"]
[BlackElo "2491"]

1.d4 Nf6 2.Bg5 e6 3.Nf3 h6 4.Bh4 d6 5.c4 g5 6.Bg3 Nh5 7.e3 Bg7 8.Nc3 Nd7
9.Nd2 Nxg3 10.hxg3 Qe7 11.Qc2 Nf6 12.O-O-O Bd7 13.Kb1 O-O-O 14.Nb3 Kb8 15.Be2 h5
16.Bf3 g4 17.Be2 Bc8 18.c5 dxc5 19.Nxc5 e5 20.Nb3 Nd5 21.Nxd5 Rxd5 22.dxe5 Rxe5
23.Rd2 Rh6 24.Nd4 Rb6 25.Qh7 Rg5 26.Bd3 Rh6 27.Qe4 Re5 28.Qf4 Rf6 29.Nf5 Bxf5
30.Bxf5 Rexf5 31.Qb4 c5 32.Qa5 b6 33.Qb5 Rxf2 34.Rhd1 Rxd2 35.Rxd2 Rd6 36.Rxd6 Qxd6
37.Qe8+ Kb7 38.Qxf7+ Ka6 39.Kc2 Qe5 40.Kd3 Qxb2 41.a4 Qb1+ 42.Kd2 Qb4+ 43.Kd3 Bh6
44.Qd7 Qb3+ 45.Ke4 Qxe3+ 46.Kf5 Qg5+  0-1

[Event "63rd ch-GEO w"]
[Site "Tbilisi GEO"]
[Date "2006.01.15"]
[Round "6"]
[White "Dzagnidze,N"]
[Black "Khurtsidze,N"]
[Result "1-0"]
[WhiteElo "2452"]
[BlackElo "2430"]

1.d4 Nf6 2.Bg5 e6 3.Nd2 h6 4.Bh4 c5 5.e3 cxd4 6.exd4 Be7 7.Ngf3 b6 8.Bd3 Ba6
9.Nc4 O-O 10.O-O d6 11.Re1 Nbd7 12.Bg3 Qc7 13.Ne3 Bxd3 14.cxd3 Rfe8 15.Rc1 Qb7
16.Nc4 Qb8 17.Nfd2 b5 18.Ne3 Qb6 19.Nf3 Bf8 20.Qc2 Qa6 21.Bh4 Rec8 22.Qb3 d5
23.Bg3 Qa4 24.Qxa4 bxa4 25.a3 Ne8 26.Kf1 Nd6 27.Ke2 Rab8 28.Rxc8 Rxc8 29.Kd2 Nb5
30.Rc1 Rxc1 31.Kxc1 g5 32.Ne5 Nxe5 33.Bxe5 Be7 34.Nc2 f6 35.Bg3 Bd8 36.f3 Kf7
37.Be1 Bb6 38.Bc3 h5 39.Kd1 g4 40.Ke2 Kg6 41.f4 h4 42.g3 Nd6 43.Ne3 Nf5 44.Nxf5 Kxf5
45.Kf1 h3 46.Ke2 a6 47.Kf1 Ba7 48.Ke2 Bb8 49.Kf2 Bc7 50.Kf1 Bxf4 51.gxf4 Kxf4
52.Kf2 g3+ 53.hxg3+ Kg4 54.Be1 e5 55.dxe5 fxe5 56.Bc3 e4 57.dxe4 dxe4 58.Bd2 h2
59.Kg2 h1=Q+ 60.Kxh1 Kxg3 61.Kg1 Kf3 62.Kf1 e3 63.Bc1 a5 64.Ke1 e2 65.Bd2  1-0

[Event "Open"]
[Site "Zagreb CRO"]
[Date "2006.01.15"]
[Round "2"]
[White "Martinovic,Sa"]
[Black "Kozul,Z"]
[Result "0-1"]
[WhiteElo "2182"]
[BlackElo "2576"]

1.d4 Nf6 2.Bg5 e6 3.e4 h6 4.Bxf6 Qxf6 5.c3 d6 6.Bd3 e5 7.Ne2 g6 8.O-O Bg7
9.f4 Qe7 10.Nd2 Bg4 11.Nf3 O-O 12.Qb3 c6 13.h3 Bc8 14.a4 Nd7 15.Rf2 Kh8 16.Raf1 exd4
17.cxd4 c5 18.Qc2 cxd4 19.Nexd4 Nc5 20.b4 Ne6 21.Ne2 Nd8 22.b5 Bd7 23.f5 Rc8
24.Qd2 g5 25.Nh2 Be5 26.Ng4 Kh7 27.Ne3 f6 28.Nd5 Qg7 29.g4 Be8 30.Rc1 Rxc1+
31.Qxc1 Qd7 32.Rf1 Bf7 33.Qc4 b6 34.Nd4 Nb7 35.Nc6 Kg7 36.Bc2 Rc8 37.Qe2 Nc5
38.Rd1 Re8 39.Qc4 h5 40.Kg2 hxg4 41.hxg4 Rh8 42.Nxe5 dxe5 43.Qc3 Bxd5 44.Rxd5 Qc8
45.Rxe5 fxe5 46.Qxe5+ Kg8 47.Qd5+ Kg7 48.Qe5+ Kf7 49.Qd5+ Ke7 50.Qe5+ Kd7
51.Qg7+ Kd6 52.e5+ Kd5 53.Qxg5 Ne4 54.Bb3+ Kxe5 55.Qe7+ Kf4  0-1

[Event "4th Parsvnath Open"]
[Site "New Delhi IND"]
[Date "2006.01.16"]
[Round "3"]
[White "Chernyshov,K"]
[Black "Prathamesh,S"]
[Result "1/2-1/2"]
[WhiteElo "2539"]
[BlackElo "2346"]

1.d4 Nf6 2.Bg5 e6 3.e4 h6 4.Bxf6 Qxf6 5.Nf3 d6 6.Nc3 a6 7.Qd2 Nd7 8.O-O-O g5
9.h3 Qf4 10.Qxf4 gxf4 11.Bd3 b5 12.a4 bxa4 13.Nxa4 Bb7 14.Nc3 c5 15.d5 Nb6
16.dxe6 fxe6 17.e5 Bxf3 18.gxf3 d5 19.Rhg1 Ke7 20.Rg6 Nd7 21.Bf5 exf5 22.Nxd5+ Kf7
23.Rc6 Nxe5 24.Rc7+ Kg6 25.Rg1+ Kh5 26.Nxf4+ Kh4 27.Rg3 Rd8 28.Ng2+ Kh5 29.Nf4+  1/2-1/2

[Event "TCh-HUN 2005-6"]
[Site "Hungary HUN"]
[Date "2006.01.22"]
[Round "6"]
[White "Zakarias,D"]
[Black "Horvath,Ta1"]
[Result "0-1"]
[WhiteElo "2271"]
[BlackElo "2405"]

1.d4 Nf6 2.Bg5 e6 3.Nd2 h6 4.Bh4 c5 5.e3 cxd4 6.exd4 d5 7.Ngf3 Nc6 8.c3 Be7
9.Bd3 Nh5 10.Bxe7 Qxe7 11.O-O Nf4 12.Nb3 Nxd3 13.Qxd3 O-O 14.Rfe1 Bd7 15.Ne5 b6
16.Re3 Qd6 17.Rae1 Ne7 18.Rh3 Be8 19.Qd2 f6 20.Ng4 Nf5 21.Nc1 Bg6 22.Ne2 Rae8
23.Ng3 Re7 24.Nxf5 exf5 25.Rxe7 Qxe7 26.Ne3 f4 27.Nxd5 Qe4 28.Ne3 fxe3 29.Rxe3 Qb1+
30.Re1 Qxa2 31.d5 Rd8 32.d6 Qc4 33.Rd1 Qc6 34.Qf4 Qe4 35.Qd2 Qc2 36.Qd4 Qxb2
37.Qc4+ Kh7 38.Qc7 Qe2 39.Ra1 Qe8 40.h3 Rd7 41.Qc6 Qe6 42.Rd1 Be4 43.Qa4 Bb7
44.Qf4 Qe4 45.Qg3 Qg6 46.Qh2 Qc2  0-1

[Event "TCh-HUN 2005-6"]
[Site "Hungary HUN"]
[Date "2006.01.22"]
[Round "6"]
[White "Hoang Thanh Trang"]
[Black "Nemeth,Mi1"]
[Result "1-0"]
[WhiteElo "2480"]
[BlackElo "2378"]

1.d4 Nf6 2.Bg5 e6 3.Nd2 h6 4.Bh4 c5 5.dxc5 Bxc5 6.e4 d6 7.c3 Nc6 8.Ngf3 g5
9.Bg3 Nh5 10.Nb3 Nxg3 11.hxg3 Bd7 12.Qd2 Qf6 13.Nxc5 dxc5 14.Qe3 b6 15.O-O-O O-O-O
16.e5 Qg7 17.Bb5 Nb8 18.Bxd7+ Rxd7 19.Rxd7 Nxd7 20.Qe4 Kc7 21.Rd1 Rd8 22.Rd6 Nb8
23.Qa8 Rd7 24.Qxa7+ Kc8 25.Qxb6 Rc7 26.Qb5 g4 27.Nd2 Nd7 28.Nc4 Qg5+ 29.Rd2 Kd8
30.Qb8+ Rc8 31.Qd6  1-0

[Event "Open"]
[Site "Zagreb CRO"]
[Date "2006.01.22"]
[Round "9"]
[White "Martinovic,Sa"]
[Black "Rogulj,B"]
[Result "0-1"]
[WhiteElo "2182"]
[BlackElo "2393"]

1.d4 Nf6 2.Bg5 e6 3.e4 h6 4.Bxf6 Qxf6 5.c3 d5 6.e5 Qd8 7.Nf3 c5 8.dxc5 Bxc5
9.Bd3 Nc6 10.O-O Bd7 11.Nbd2 g5 12.Nb3 Bb6 13.Qe2 g4 14.Nfd4 Qg5 15.Rae1 O-O-O
16.Nxc6 Bxc6 17.Nd4 Rdg8 18.b4 h5 19.a4 Bxa4 20.b5 g3 21.fxg3 h4 22.Rxf7 hxg3
23.h3 Kb8 24.Rf6 Rc8 25.Rxe6 Rxc3 26.Rxb6 axb6 27.e6 Qf6 28.Nf5 Re8 29.e7 d4
30.Qf3 Bxb5 31.Qxg3+ Ka7 32.Bxb5 Rxg3 33.Bxe8 Qxf5 34.Bf7 Qxf7 35.e8=Q Qxe8
36.Rxe8 b5 37.Rd8 Rd3 38.Kf2 Rd2+ 39.Kf3 b4 40.Re8 b3 41.Re1 Kb6 42.h4 Kb5
43.h5 Rc2 44.Ke4 Rxg2 45.Kxd4 Kb4 46.Rh1 b2 47.h6 Rg8 48.h7 Rd8+ 49.Ke5 b5
50.Kf6 Ka3 51.Ke7 Rh8  0-1

[Event "Classic"]
[Site "Queenstown NZL"]
[Date "2006.01.23"]
[Round "9"]
[White "Froehlich,P"]
[Black "Lane,G"]
[Result "1-0"]
[WhiteElo "2360"]
[BlackElo "2445"]

1.d4 Nf6 2.Bg5 e6 3.e4 h6 4.Bxf6 Qxf6 5.Nc3 d6 6.h4 Nc6 7.Nb5 Qd8 8.d5 exd5
9.exd5 Ne5 10.Qd4 c5 11.dxc6 bxc6 12.f4 Ng6 13.O-O-O d5 14.Nf3 Ne7 15.Qc5 cxb5
16.Bxb5+ Bd7 17.Ne5 Nc6 18.Qxd5  1-0

[Event "II Open del Mercantil"]
[Site "Sevilla ESP"]
[Date "2006.01.26"]
[Round "7"]
[White "Mellado Trivino,J"]
[Black "Komljenovic,D"]
[Result "1/2-1/2"]
[WhiteElo "2382"]
[BlackElo "2458"]

1.d4 Nf6 2.Bg5 e6 3.e4 h6 4.Bxf6 Qxf6 5.Nc3 Bb4 6.Qd2 c5 7.e5 Qe7 8.a3 Bxc3
9.Qxc3 Nc6 10.dxc5 b6 11.cxb6 axb6 12.Nf3 Qc5 13.Qxc5 bxc5 14.O-O-O Bb7 15.Bd3 Ke7
16.Be4 Rhf8 17.Rhe1 Rab8 18.Nd2 f6 19.f4 fxe5 20.fxe5 Rf2 21.Nb3 Nd4 22.Nxd4 cxd4
23.Rxd4 Bxe4 24.Rdxe4 Rxg2 25.R4e2 Rg4 26.b4 g5 27.Re4 Rg2 28.R1e2 Rxe2 29.Rxe2 g4
30.Re4 h5 31.a4 Kd8 32.Kd2 Kc7 33.Ke3 Kc6 34.Rc4+ Kb6 35.h3 gxh3 36.Rh4 Ra8
37.Kd4 Rxa4 38.Kc4 Ra2 39.Kb3 Ra1 40.Rxh3 Re1 41.Rxh5 Re3+ 42.c3 Kb5 43.Rg5 Re4
44.Rh5 Re3 45.Rg5 Re4  1/2-1/2

[Event "Gibtelecom Masters"]
[Site "Gibraltar ENG"]
[Date "2006.01.28"]
[Round "5"]
[White "Bellon Lopez,JuM"]
[Black "Volkov,S1"]
[Result "0-1"]
[WhiteElo "2415"]
[BlackElo "2629"]

1.d4 Nf6 2.Bg5 e6 3.Nf3 c5 4.e3 h6 5.Bxf6 Qxf6 6.Nbd2 cxd4 7.exd4 Nc6 8.c3 d5
9.Bd3 Bd6 10.O-O g5 11.Qe2 g4 12.Ne1 h5 13.f4 Bd7 14.Bb5 Ke7 15.a4 a6 16.Bxc6 Bxc6
17.Nd3 Qf5 18.b4 Rhc8 19.Nb3 Rc7 20.Qd2 Be8 21.a5 Bb5 22.Rad1 Bxd3 23.Qxd3 Qxd3
24.Rxd3 Kd7 25.f5 Kc6 26.fxe6 fxe6 27.Re3 Re8 28.Rf6 Kb5 29.Rexe6 Rxe6 30.Rxe6 Rc6
31.Re3 Bf4 32.Re7 Rxc3 33.Rxb7+ Kc4 34.Nc5 Be3+ 35.Kf1 Kxd4 36.Rc7 Rc1+ 37.Ke2 Rc2+
38.Kf1 Rf2+ 39.Ke1 Rxg2 40.Nxa6 Rxh2 41.b5 Bd2+ 42.Kf1 Bxa5 43.Rb7 g3 44.Nb8 Kc5
45.Nd7+ Kd6  0-1

[Event "Gibtelecom Masters"]
[Site "Gibraltar ENG"]
[Date "2006.01.28"]
[Round "5"]
[White "Walton,A"]
[Black "Stock,T"]
[Result "1-0"]
[WhiteElo "2197"]
[BlackElo "2083"]

1.d4 Nf6 2.Bg5 e6 3.e4 h6 4.Bxf6 Qxf6 5.c3 d6 6.Nf3 Nd7 7.Bd3 g6 8.O-O e5
9.Nbd2 Bg7 10.Nb3 O-O 11.Nfd2 b6 12.g3 Bb7 13.f4 Qe7 14.Qe2 c6 15.f5 Rae8
16.Rae1 Kh7 17.Nf3 Bf6 18.dxe5 dxe5 19.Qf2 Rd8 20.Rd1 Nb8 21.Ne1 Ba6 22.Qf3 Bb7
23.Ng2 Na6 24.Qf2 Nc7 25.Ne3 Ne8 26.Ng4 h5 27.Ne3 Kg7 28.Nc4 Bg5 29.h4 Bf6
30.Be2 Nc7 31.Ne3 Rxd1 32.Bxd1 Ba6 33.c4 Rd8 34.fxg6 fxg6 35.Bxh5 Kh7 36.Qxf6  1-0

[Event "3rd ch-Mediterranean"]
[Site "Antalya TUR"]
[Date "2006.02.02"]
[Round "2"]
[White "Bosiocic,Mari"]
[Black "Citak,S"]
[Result "1/2-1/2"]
[WhiteElo "2371"]
[BlackElo "2221"]

1.d4 Nf6 2.Bg5 e6 3.e4 h6 4.Bxf6 Qxf6 5.Nc3 d6 6.Qd2 c6 7.f4 e5 8.dxe5 dxe5
9.f5 Qd6 10.Bd3 Nd7 11.Nf3 Nc5 12.O-O-O Be7 13.g4 Bd7 14.h4 O-O-O 15.Ne2 Nxd3+
16.Qxd3 Qxd3 17.Rxd3 f6 18.Ng3 Be8 19.Rg1 Bf7 20.b3 Kc7 21.Kd2 Rxd3+ 22.cxd3 Rd8
23.g5 a5 24.Ke2 a4 25.g6 Bg8 26.Nh5 Bf8 27.Rb1 axb3  1/2-1/2

[Event "ch-CUB sf"]
[Site "Santa Clara CUB"]
[Date "2006.02.06"]
[Round "2"]
[White "Almeida,O"]
[Black "Quezada,Y"]
[Result "1/2-1/2"]
[WhiteElo "2454"]
[BlackElo "2501"]

1.d4 Nf6 2.Bg5 e6 3.Nd2 c5 4.Ne4 d5 5.Nxc5 Bxc5 6.dxc5 Qa5+ 7.c3 Qxc5 8.g3 Nbd7
9.Bg2 b6 10.Nf3 O-O 11.O-O Bb7 12.a4 a6 13.a5  1/2-1/2

[Event "TCh-HUN 2005-6"]
[Site "Hungary HUN"]
[Date "2006.02.12"]
[Round "7"]
[White "Galyas,M"]
[Black "Toth,An1"]
[Result "0-1"]
[WhiteElo "2374"]
[BlackElo "2439"]

1.d4 Nf6 2.Bg5 e6 3.e4 h6 4.Bxf6 Qxf6 5.c3 d6 6.Bd3 e5 7.Ne2 Nc6 8.O-O Bd7
9.Na3 exd4 10.Nb5 O-O-O 11.cxd4 a6 12.a4 Nb4 13.Bc4 d5 14.exd5 axb5 15.axb5 Bf5
16.Ng3 b6 17.Be2 Bc2 18.Qd2 Bd6 19.Ra7 Qf4 20.Qxf4 Bxf4 21.Bg4+ f5 22.Nxf5 Kd7
23.Nxg7+ Ke7 24.Ne6 Bd6 25.Nxc7 Kf6 26.Ne6 Rdg8 27.Bf3 Rh7 28.Rxh7 Bxh7 29.h4 Bf5
30.Rc1 Bg4 31.Be4 Bf5 32.Bf3 Bg4 33.Be4 Bf5 34.f3 Bg3 35.Kf1 Ra8 36.Ke2 Ra2
37.Rb1 Nxd5 38.Bxd5 Bxb1 39.Bxa2 Bxa2 40.Nf8 Bc4+ 41.Ke3 Bxb5 42.h5 Be8 43.Ng6 Bxg6
44.hxg6 Kxg6 45.Ke4 Kg5 46.Kd5 Kf4 47.Ke6 h5 48.d5 b5 49.d6 Be1 50.d7 Ba5
51.Ke7 h4  0-1

[Event "Premier"]
[Site "Portsmouth ENG"]
[Date "2006.02.18"]
[Round "4"]
[White "Gormally,D"]
[Black "Berzinsh,R"]
[Result "1-0"]
[WhiteElo "2573"]
[BlackElo "2447"]

1.d4 Nf6 2.Bg5 e6 3.Nf3 c5 4.c3 Qb6 5.Nbd2 d5 6.Bxf6 gxf6 7.Rb1 cxd4 8.Nxd4 e5
9.Nc2 Nc6 10.e4 dxe4 11.Nxe4 Be7 12.Ne3 Be6 13.Bc4 f5 14.Bxe6 fxe6 15.Nd6+ Kf8
16.Ndc4 Qc7 17.a4 Rd8 18.Qh5 Kg7 19.O-O Rhg8 20.Rbd1 Rxd1 21.Rxd1 Rd8 22.Re1 Bf6
23.g4 Kh8 24.gxf5 Nd4 25.cxd4 Rg8+ 26.Kh1 exd4 27.fxe6 dxe3 28.Nxe3 Qc6+
29.Qd5 Bxb2 30.e7 Bc3 31.Rd1 Bf6 32.Qxc6 bxc6 33.Nf5 Re8 34.Rd6  1-0

[Event "TCh-BEL 2005-6"]
[Site "Belgium BEL"]
[Date "2006.02.19"]
[Round "9"]
[White "Groffen,H"]
[Black "Deleyn,G"]
[Result "0-1"]
[WhiteElo "2185"]
[BlackElo "2300"]

1.d4 Nf6 2.Bg5 e6 3.e4 h6 4.Bxf6 Qxf6 5.c3 d6 6.Bd3 g6 7.Ne2 Bg7 8.O-O Nc6
9.f4 Qh4 10.e5 O-O 11.Nd2 Bd7 12.Ne4 d5 13.Nf6+ Bxf6 14.g3 Qh5 15.exf6 b5
16.Qd2 Rfb8 17.h4 b4 18.Rf2 bxc3 19.bxc3 Na5 20.g4 Qxh4 21.Rh2 Qxg4+ 22.Kf2 Nc4
23.Bxc4 dxc4 24.Rg1 Qf5 25.Rxh6 Qxf6 26.Rgh1 Bc6 27.R1h3 Rb5  0-1

[Event "TCh-BEL 2005-6"]
[Site "Belgium BEL"]
[Date "2006.02.19"]
[Round "9"]
[White "Eliet,N"]
[Black "Horvath,Ta1"]
[Result "1/2-1/2"]
[WhiteElo "2434"]
[BlackElo "2405"]

1.d4 Nf6 2.Bg5 e6 3.Nd2 h6 4.Bh4 c5 5.e3 Be7 6.c3 b6 7.Ngf3 Bb7 8.Bd3 Nc6
9.a3 O-O 10.Qe2 a6 11.O-O cxd4 12.cxd4 d6 13.Rac1 Nh5 14.Bg3 Nxg3 15.hxg3 d5
16.g4 Bf6 17.Rc2 Qd7 18.Rfc1 Rfc8 19.Nb3 Qd6 20.g3 g6 21.e4 dxe4 22.Bxe4 Qd7
23.Qd3 Ne7 24.Bxb7 Qxb7 25.Nbd2 Rxc2 26.Rxc2 Rd8 27.Qe3 Bg7 28.Nb3 Qd5 29.Rc7 Rd7
30.Rxd7 Qxd7 31.Qd3 a5 32.Nc1 Nd5 33.Ne2 Qc6 34.Ne5 Qa4 35.Nc4 Qc6 36.Ne5 Qa4
37.Nc4  1/2-1/2

[Event "2nd Bundesliga Ost 2005-6"]
[Site "Austria AUT"]
[Date "2006.02.25"]
[Round "8"]
[White "Brustkern,J"]
[Black "Pachta,P"]
[Result "0-1"]
[WhiteElo "2240"]
[BlackElo "2237"]

1.d4 Nf6 2.Bg5 e6 3.e4 h6 4.Bxf6 Qxf6 5.Qd2 d6 6.Nc3 g5 7.O-O-O Bg7 8.g3 Nc6
9.Bb5 Bd7 10.e5 Qe7 11.f4 a6 12.Ba4 O-O-O 13.Qf2 Nb4 14.Bxd7+ Rxd7 15.a3 Nc6
16.Nge2 Rhd8 17.Ne4 f5 18.exf6 Bxf6 19.f5 Rf8 20.Rhf1 exf5 21.Qxf5 Bg7 22.Qg6 Rxf1
23.Rxf1 Nxd4 24.Nxd4 Bxd4 25.Kb1 Bg7 26.Nf6 Qe5 27.g4 Re7 28.c3 Qe6 29.Qf5 Qxf5+
30.Rxf5 c6 31.Nh5 Re1+ 32.Kc2 Be5 33.Ng3 Bxg3 34.hxg3 Re3 35.Rf6 Kc7 36.Rxh6 Rxg3
37.Rh7+ Kb6 38.b4 Rxg4 39.Rd7 d5 40.a4 a5 41.bxa5+ Ka6 42.Kb3 Rg1 43.Kb4 Rb1+
44.Ka3 g4 45.Rg7 Rg1 46.Kb4 g3 47.Rg8 Ka7 48.Kc5 g2 49.a6 Rc1  0-1

[Event "13th Open Metalis"]
[Site "Bizovac CRO"]
[Date "2006.02.25"]
[Round "6"]
[White "Kosic,D"]
[Black "Kozul,Z"]
[Result "0-1"]
[WhiteElo "2489"]
[BlackElo "2600"]

1.d4 Nf6 2.Bg5 e6 3.Nd2 h6 4.Bh4 c5 5.e3 Nc6 6.c3 d5 7.Ngf3 Be7 8.Bd3 Nd7
9.Bxe7 Qxe7 10.O-O O-O 11.Re1 Qf6 12.Rc1 a6 13.Bb1 Rd8 14.Qc2 g6 15.e4 cxd4
16.cxd4 Nxd4 17.Nxd4 Qxd4 18.Nf3 Qb6 19.exd5 exd5 20.Qd2 Kg7 21.Re7 Qf6 22.Rce1 Nf8
23.Qb4 a5 24.Qa3 b5 25.R7e5 b4 26.Qe3 Bd7 27.Nd4 Re8 28.f4 Rxe5 29.fxe5 Qg5
30.Qf2 Ne6 31.h4 Qe7 32.h5 Nxd4 33.Qxd4 Be6 34.hxg6 fxg6 35.Rc1 Qa7 36.Qxa7+ Rxa7
37.Kf2 g5 38.Ke3 h5 39.Rc6 Re7 40.Ra6 Bf5 41.Bxf5 Rxe5+ 42.Kd4 Rxf5 43.Rxa5 Rf4+
44.Ke5 h4 45.Rxd5 Rf2 46.Rd1 Rxb2 47.Kf5 Kh6  0-1

[Event "TCh-NED 2005-6"]
[Site "Netherlands NED"]
[Date "2006.03.04"]
[Round "7"]
[White "Clijsen,M"]
[Black "Hoeksema,E"]
[Result "1/2-1/2"]
[WhiteElo "2133"]
[BlackElo "2397"]

1.d4 Nf6 2.Bg5 e6 3.e4 d5 4.exd5 exd5 5.Bd3 Be7 6.Nc3 Nc6 7.Nge2 Nb4 8.Ng3 Nxd3+
9.Qxd3 h6 10.Bxf6 Bxf6 11.Nh5 c6 12.Nxf6+ Qxf6 13.O-O O-O 14.Nd1 Bf5 15.Qd2 Rfe8
16.Ne3 Be4 17.Rae1 Qf4 18.f3 Bg6 19.g3 Qd6 20.Ng4 c5 21.c3 c4 22.Re3  1/2-1/2

[Event "4NCL 2005-06"]
[Site "Birmingham ENG"]
[Date "2006.03.05"]
[Round "8"]
[White "Trent,L"]
[Black "Gourlay,I"]
[Result "1/2-1/2"]
[WhiteElo "2423"]
[BlackElo "2363"]

1.d4 Nf6 2.Bg5 e6 3.Nd2 h6 4.Bh4 c5 5.e3 Be7 6.Bxf6 Bxf6 7.Ne4 cxd4 8.Nd6+ Ke7
9.Nxc8+ Qxc8 10.exd4 d5 11.Nf3 Nc6 12.c3 Qc7 13.Bd3 Rhd8 14.O-O Kf8 15.Re1 a6
16.Bc2 b5 17.Qd3 b4 18.Ba4 bxc3 19.Qxc3 Rac8 20.Rac1 Qb6 21.Bxc6 Rd6 22.Qa3 Rxc6
23.Rxc6 Qxc6 24.Ne5 Qc7 25.b3 Kg8 26.Rc1 Qb6 27.Rc8+ Kh7 28.Qa4 Bxe5 29.dxe5 Rd8
30.Rxd8 Qxd8 31.Qxa6 Qg5 32.Qd3+ g6 33.g3 Qxe5 34.a4 Qb2 35.Kg2 d4 36.a5 Qc3
37.Qxc3 dxc3 38.a6 c2 39.a7 c1=Q 40.a8=Q Qc3 41.Qb7 Kg7 42.b4 Qd3 43.h3 e5
44.Qb6 e4 45.Qc5 h5 46.h4 Qe2 47.Qc3+ Kf8 48.Qb3 Kg7 49.Qc3+ Kf8 50.Kg1 Qd1+
51.Kh2 Qe2 52.Kg2 Kg8 53.Qe3 Qc4 54.Qd2 Kh7 55.Qb2 Qb5 56.Qb1 Qe2 57.Qb3 Kg8
58.Qb1  1/2-1/2

[Event "XXII Open"]
[Site "Reykjavik ISL"]
[Date "2006.03.06"]
[Round "1"]
[White "Asbjornsson,I"]
[Black "Thorfinnsson,Br"]
[Result "0-1"]
[WhiteElo "1996"]
[BlackElo "2367"]

1.d4 Nf6 2.Bg5 e6 3.e4 h6 4.Bxf6 Qxf6 5.c3 d6 6.Nd2 Nc6 7.Qf3 Qe7 8.Bb5 Bd7
9.O-O-O O-O-O 10.Ne2 Kb8 11.Qe3 g5 12.g4 Bg7 13.Bxc6 Bxc6 14.Ng3 Rhe8 15.Rde1 Bb5
16.h4 c5 17.Nf3 gxh4 18.Nh5 Bh8 19.Kb1 Rc8 20.Ka1 cxd4 21.Nxd4 Bc4 22.Qxh6 Rc5
23.b4 Rg5 24.Rhg1 Be5 25.f4 Rg6  0-1

[Event "ch-EST w"]
[Site "Tallinn EST"]
[Date "2006.03.07"]
[Round "4"]
[White "Gansvind,V"]
[Black "Makarova,Natalja"]
[Result "1-0"]
[WhiteElo "2247"]
[BlackElo "1741"]

1.d4 Nf6 2.Bg5 e6 3.Nf3 h6 4.Bh4 Be7 5.Nbd2 d5 6.e3 Nbd7 7.Bd3 c5 8.c3 O-O
9.O-O b6 10.h3 Bb7 11.Bg3 Ne4 12.Bh2 Bd6 13.Bxd6 Nxd6 14.Ne5 Nxe5 15.dxe5 Ne4
16.Nf3 Qc7 17.Rc1 Rfd8 18.Bb1 Qe7 19.Qc2 Rac8 20.Rcd1 Qc7 21.Rfe1 Kf8 22.Qe2 a6
23.a3 b5 24.Rc1 Qa5 25.Nh2 Qc7 26.f4 Qe7 27.Nf3 Rd7 28.Kh2 Rcd8 29.Red1 Bc6
30.Rg1 g6 31.Qe1 Kg7 32.g4 Rg8 33.Rg2 Kh7 34.h4 Rdd8 35.h5 gxh5 36.g5 hxg5
37.Nxg5+ Kh6 38.Bxe4 dxe4 39.Qh4 f6 40.exf6 Qxf6 41.Rcg1 Be8 42.Nf7+ Qxf7
43.Qxd8 Rxg2+ 44.Rxg2 Kh7 45.Rg5 c4 46.Qd4 Bc6 47.Qe5 Be8 48.Qxe4+ Kh8 49.Qe5+ Kh7
50.f5 Bd7 51.f6 Kh6 52.Rg7  1-0

[Event "XXII Open"]
[Site "Reykjavik ISL"]
[Date "2006.03.08"]
[Round "3"]
[White "Asbjornsson,I"]
[Black "Eichab,C"]
[Result "1-0"]
[WhiteElo "1996"]
[BlackElo "2157"]

1.d4 Nf6 2.Bg5 e6 3.e4 h6 4.Bxf6 Qxf6 5.c3 e5 6.Nf3 d6 7.Bc4 Be7 8.O-O O-O
9.Nbd2 Nc6 10.Qa4 Qg6 11.Kh1 Bf6 12.Bb5 Ne7 13.Bd7 Qh5 14.g4 Qg6 15.Bf5 Nxf5
16.gxf5 Qh5 17.dxe5 dxe5 18.Rg1 Rd8 19.Rg3 Bd7 20.Qc2 Bc6 21.Nc4 Bh4 22.Nxh4 Qxh4
23.f3 f6 24.Na5 Rd7 25.Nxc6 bxc6 26.Rag1 Rad8 27.Qg2 Qh5 28.Rxg7+ Kf8 29.Rxd7 Rxd7
30.Qg8+ Ke7 31.Qe6+  1-0

[Event "TCh-FIN 2005-6"]
[Site "Espoo FIN"]
[Date "2006.03.12"]
[Round "9"]
[White "Karttunen,M"]
[Black "Agopov,M"]
[Result "1-0"]
[WhiteElo "2421"]
[BlackElo "2386"]

1.d4 Nf6 2.Bg5 e6 3.e4 h6 4.Bxf6 Qxf6 5.c3 d5 6.Nd2 c5 7.Ngf3 cxd4 8.cxd4 dxe4
9.Ne5 Bd6 10.Bb5+ Bd7 11.Nxd7 Nxd7 12.Qa4 Qe7 13.Nxe4 Bb4+ 14.Kf1 Rd8 15.Qxa7 O-O
16.Qxb7 f5 17.Nc3 Qd6 18.Qc6 Nf6 19.Qxd6 Rxd6 20.Ne2 Rb8 21.Bd3 Ba5 22.b3 Nd5
23.Rc1 Nb4 24.Bc4 Bb6 25.Nc3 Rxd4 26.Ke2 Kf8 27.Rhd1 e5 28.a3 Nc6 29.Nb5 Rxd1
30.Rxd1 Nd4+ 31.Nxd4 Bxd4 32.f3 Ke7 33.Kd3 Bb2 34.Re1 Rd8+ 35.Kc2 Bxa3 36.Rxe5+ Kf6
37.Re6+ Kg5 38.g3 f4 39.Re5+ Kf6 40.Re6+ Kf5 41.g4+ Kg5 42.Re5+ Kg6 43.Bd3+ Kf6
44.Rf5+ Ke6 45.Rxf4 Bd6 46.Bc4+ Ke5 47.Re4+ Kf6 48.f4 g5 49.Re6+ Kg7 50.f5 Bxh2
51.f6+ Kh7 52.Bd3+ Kg8 53.Bg6 Rf8 54.f7+ Kg7 55.Re8 Bd6 56.Bh5 Kf6 57.Kc3 Be7
58.b4 Ke6 59.b5 Kd7 60.b6  1-0

[Event "XXII Open"]
[Site "Reykjavik ISL"]
[Date "2006.03.12"]
[Round "7"]
[White "Ward,C"]
[Black "Kjartansson,G"]
[Result "1-0"]
[WhiteElo "2475"]
[BlackElo "2287"]

1.d4 Nf6 2.Bg5 e6 3.Nd2 d5 4.e3 h6 5.Bh4 c5 6.c3 Nc6 7.Ngf3 g5 8.Bg3 Ne4
9.Nxe4 dxe4 10.Nd2 cxd4 11.cxd4 e5 12.Bxe5 Nxe5 13.dxe5 Qa5 14.Be2 Be6 15.O-O Rd8
16.Nb3 Qxe5 17.Nd4 Bd6 18.g3 O-O 19.Qa4 Bc5 20.Nxe6 Qxe6 21.Rfd1 Bb6 22.Bc4 Qf5
23.Qb3 Kg7 24.a4 Qe5 25.Rxd8 Rxd8 26.a5 Bc5 27.Bxf7 Rd2 28.Bh5 Qe7 29.Qc3+  1-0

[Event "Sozina Open"]
[Site "Bar SCG"]
[Date "2006.03.19"]
[Round "2"]
[White "Bogosavljevic,B"]
[Black "Vojinovic,G"]
[Result "1/2-1/2"]
[WhiteElo "2321"]
[BlackElo "2466"]

1.d4 Nf6 2.Bg5 e6 3.e4 h6 4.Bxf6 Qxf6 5.Nf3 d6 6.Nc3 Nd7 7.Qd2 c6 8.O-O-O Qd8
9.Kb1 Be7 10.h4 Qc7  1/2-1/2

[Event "Pius Brinzeu Mem"]
[Site "Timisoara ROM"]
[Date "2006.03.19"]
[Round "2"]
[White "Ungureanu,E"]
[Black "Rogozenko,D"]
[Result "0-1"]
[WhiteElo "2256"]
[BlackElo "2532"]

1.d4 Nf6 2.Bg5 e6 3.c3 c5 4.e3 cxd4 5.exd4 Be7 6.Bd3 h6 7.Bh4 b6 8.Ne2 Bb7
9.O-O g5 10.Bg3 h5 11.Be5 h4 12.Nd2 h3 13.Bxf6 Bxf6 14.g3 Qc7 15.Be4 Nc6
16.b4 Bg7 17.b5 Ne7 18.Qc2 f5 19.Bxb7 Qxb7 20.f3 g4 21.Qd3 Bh6 22.Nc4 O-O
23.Rf2 Kg7 24.f4 Nd5 25.Nd2 Nf6 26.c4 Kg6 27.Rd1 a6 28.a4 axb5 29.axb5 Rfc8
30.d5  0-1

[Event "Open"]
[Site "Bad Woerishofen GER"]
[Date "2006.03.21"]
[Round "5"]
[White "Gulde,Jo"]
[Black "Sailer,W"]
[Result "0-1"]
[WhiteElo "2057"]
[BlackElo "2220"]

1.d4 Nf6 2.Bg5 e6 3.e4 c5 4.e5 h6 5.exf6 hxg5 6.fxg7 Bxg7 7.Nd2 cxd4 8.Bd3 Nc6
9.a3 d5 10.Nb3 Qd6 11.g3 e5 12.Qe2 g4 13.O-O-O Be6 14.Bb5 O-O-O 15.Kb1 Kb8
16.Qf1 Rc8 17.f4 e4 18.Bxc6 Qxc6 19.Rc1 d3 20.cxd3 Qb5 21.f5 Qxb3 22.Qf4+ Ka8
23.Rxc8+ Rxc8 24.f6 d4  0-1

[Event "66th ch-ARM"]
[Site "Yerevan ARM"]
[Date "2006.03.21"]
[Round "6"]
[White "Nalbandian,T"]
[Black "Pashikian,A"]
[Result "0-1"]
[WhiteElo "2524"]
[BlackElo "2472"]

1.d4 Nf6 2.Bg5 e6 3.Nf3 c5 4.e3 h6 5.Bh4 b6 6.c4 cxd4 7.exd4 Bb7 8.Nc3 Be7
9.Bd3 Bxf3 10.Qxf3 Nc6 11.Ne2 Bb4+ 12.Kf1 Be7 13.g4 Rc8 14.Rc1 O-O 15.Kg2 d5
16.a3 Ne4 17.Bxe7 Qxe7 18.cxd5 exd5 19.Nf4 Qd6 20.Nxd5 Ng5 21.Rxc6 Rxc6 22.Ne7+ Qxe7
23.Qxc6 Rd8 24.Bf5 g6 25.h4 gxf5 26.hxg5 Qxg5 27.Qxh6 Qxh6 28.Rxh6 fxg4 29.Rc6 Rxd4
30.Rc7 Ra4 31.Kg3 Kg7 32.Rc6 Rd4 33.Rc7 Ra4 34.Rc6 f6 35.Rc7+ Kg6 36.Rb7 f5
37.Rc7 Kg5 38.Rg7+ Kf6 39.Rc7 b5 40.Rb7 a6 41.Rc7 Re4 42.Rc6+ Re6 43.Rc5 Rd6
44.Kf4 Rd4+ 45.Kg3 Kg5 46.Kg2 Rd2 47.Rc6 a5 48.b3 Rd3 49.Ra6 f4 50.Rxa5 Kh4
51.Ra8 Rxb3 52.a4 bxa4 53.Rxa4 f3+ 54.Kg1 Rb1+ 55.Kh2 Rb2 56.Kg1 Kh3 57.Ra1 g3
58.Rf1 Rc2 59.fxg3 Rg2+ 60.Kh1 f2  0-1

[Event "Open"]
[Site "Bad Woerishofen GER"]
[Date "2006.03.22"]
[Round "6"]
[White "De Francesco,K"]
[Black "Stuemer,P"]
[Result "1-0"]
[WhiteElo "2262"]
[BlackElo "2161"]

1.d4 Nf6 2.Bg5 e6 3.Nd2 h6 4.Bh4 c5 5.e3 Nc6 6.c3 b6 7.Ngf3 Be7 8.a3 O-O
9.Bd3 d6 10.Qe2 Bb7 11.e4 Re8 12.O-O Nh5 13.Bg3 Bg5 14.Nxg5 Nxg3 15.hxg3 Qxg5
16.Nf3 Qh5 17.Qe3 Rac8 18.Rad1 cxd4 19.cxd4 Na5 20.e5 Bxf3 21.gxf3 d5 22.Kg2 Nc4
23.Qe2 b5 24.Rh1 Qg5 25.f4 Qe7 26.Rh5 b4 27.a4 Qb7 28.Rdh1 Qb6 29.R1h4 Kf8
30.f5 exf5 31.Rxf5 Re7 32.Rhf4 Ke8 33.Qf3 g5 34.Rf6 gxf4 35.Rxb6 axb6 36.b3 Na5
37.Bb5+ Kf8 38.Qxf4 Rc3 39.Qf6 Rec7 40.Qh8+ Ke7 41.Qe8+  1-0

[Event "Sozina Open"]
[Site "Bar SCG"]
[Date "2006.03.22"]
[Round "5"]
[White "Miladinovic,I"]
[Black "Arsovic,Z"]
[Result "1/2-1/2"]
[WhiteElo "2607"]
[BlackElo "2417"]

1.d4 Nf6 2.Bg5 e6 3.e3 c5 4.c3 cxd4 5.exd4 Be7 6.Bd3 Nc6 7.Bxf6 Bxf6 8.Nd2 g6
9.Ngf3 O-O 10.Qe2 Qc7 11.h4 d5 12.Kf1 e5 13.dxe5 Nxe5 14.Nxe5 Bxe5 15.h5 Bg7
16.Nb3 Bd7 17.Qd2 Rfe8 18.Be2 Qb6 19.Bf3 Rad8 20.hxg6 hxg6 21.Kg1 d4 22.cxd4 Ba4
23.d5 Bxb3 24.axb3 Qxb3 25.Rh4 Qxb2 26.Qxb2 Bxb2 27.Rb1 Be5 28.Rxb7 Rb8 29.Rxb8 Rxb8
30.g3 Kf8 31.Ra4 Rb1+ 32.Kg2 Rb2 33.Be4 Bd6 34.Rc4 Ke7  1/2-1/2